Systemic service design / edited by Mari Suoheimo, Peter Jones, Sheng-Hung Lee and Birger Sevaldson. (Record no. 22232)

000 -LEADER
fixed length control field 02731nam a22002417a 4500
020 ## - INTERNATIONAL STANDARD BOOK NUMBER
ISBN 9781003501039
082 ## - DEWEY DECIMAL CLASSIFICATION NUMBER
Classification number 301
Item number Sy995 2025
245 ## - TITLE STATEMENT
Title Systemic service design / edited by Mari Suoheimo, Peter Jones, Sheng-Hung Lee and Birger Sevaldson.
260 ## - PUBLICATION, DISTRIBUTION, ETC. (IMPRINT)
Place of publication Abingdon, Oxon ; New York, NY :
Name of publisher Routledge,
Year of publication c2025.
300 ## - PHYSICAL DESCRIPTION
Number of Pages 1 online resource, xv, 290 pages :
Other physical details illustrations.
490 ## - SERIES STATEMENT
Series statement Design for social responsibility
500 ## - GENERAL NOTE
General note Includes bibliographical references and index.
520 ## - SUMMARY, ETC.
Summary, etc "This book explores various approaches to systems thinking, including soft and critical systems thinking, to provide a comprehensive overview of how systems theory can be integrated into service design in order to address societal problems. The field of service design has evolved significantly in recent years, from focusing on touchpoints and user interactions, to being seen as a driver for organizational transformation and increasingly, a key component in transdisciplinary spaces involving complex systems. However, while service design has grown over the past few decades, it has also recognized its limitations in addressing complex societal problems. For example, the book highlights how a lack of holistic understanding of the systems in place can lead to service failure, which ultimately results in societal issues relating to unemployment, healthcare, and public transportation. As such, this book offers theoretical and practical resources specifically tailored to service designers in order to equip them with the ability to develop solutions that are appropriate in scope, depth, and feasibility to address these complex issues. Contributing authors draw upon and integrate theories from related disciplinary fields to extend the contextualisation of service design within complex systems, thus providing readers with more scientific frames of reference. The book also draws upon case studies from South and North America, Europe, Africa, Asia and Australia, to provide readers with comprehensive perspectives and real life examples to further their understanding of systemic service design and how to integrate it successfully. The book provides theoretical and practical knowledge for students and designers in the fields of service design, design for policy, social design, and also for managers, public and private sector planners, engineers and politicians"-- Provided by publisher.
650 ## - SUBJECT ADDED ENTRY--TOPICAL TERM
Topical Term System design.
650 ## - SUBJECT ADDED ENTRY--TOPICAL TERM
Topical Term System theory.
650 ## - SUBJECT ADDED ENTRY--TOPICAL TERM
Topical Term System system.
700 ## - ADDED ENTRY--PERSONAL NAME
Personal name Suoheimo, Mari, editor.
700 ## - ADDED ENTRY--PERSONAL NAME
Personal name Jones, Peter H., editor.
700 ## - ADDED ENTRY--PERSONAL NAME
Personal name Lee, Sheng-Hung, editor.
700 ## - ADDED ENTRY--PERSONAL NAME
Personal name Sevaldson, Birger, editor.
700 ## - ADDED ENTRY--PERSONAL NAME
Personal name Cooper, Rachel, series editor.
942 ## - ADDED ENTRY ELEMENTS (KOHA)
Koha item type Electronic Books
Holdings
Source of acquisition Permanent Location Date acquired Collection code Koha item type Lost status Shelving location Withdrawn status Current Location Full call number
DonationCagayan State University - Carig Library2026-04-14E-BooksElectronic Books E-Resource Section Cagayan State University - Carig Library301 Sy995 2025

Cagayan State University University Library, Carig Campus
Tuguegarao City, Cagayan 3500 | www.csucarig.edu.ph

Powered by Koha